banner-ar

فرسان الاسلام و حروب المماليك / (Record no. 61934)

MARC details
000 -الفاتح
حقل البيانات ثابتة الطول 01216nam a22002897a 4500
005 - وقت وتاريخ اخر تعامل مع التسجيلة
رقم الضبط 20240530110523.0
008 - عناصر البيانات ثابتة الطول - معلومات عامة
حقل البيانات ثابتة الطول 160223s2011 ua a g b 000 0deng d
017 ## - رقم الايداع القانونى
رقم الايداع القانونى 2011/5624
المصدر ( الهيئة المختصة) مصر . دار الكتب المصرية
020 ## - الرقم الدولى المعيارى للكتب
الرقم الدولى المعيارى للكتاب 9789777045414
040 ## - مصدر الفهرسة
وكالة الفهرسة الأصلية EG-CaGPL
082 04 - رقم تصنيف ديوى العشرى
رقم الطبعة 21
رقم التصنيف 953.08\
رقم المادة و ف
100 0# - المدخل الرئيسى - إسم شخصى
الإسم الشخصى واترسون ، جيمس .
245 10 - بيان العنوان
العنوان فرسان الاسلام و حروب المماليك /
بيان المسئوليه,etc تاليف جيمس واترسون ؛ تقديم جون مان ؛ ترجمة يعقوب عبدالرحمن ؛ مراجعة حاتم الطحاوى .
250 ## - بيان الطبعة
بيان الطبعة ط1.
260 ## - PUBLICATION, DISTRIBUTION, ETC. (IMPRINT)
تاريخ النشر أو التوزيع 2011 .
300 ## - الوصف المادى
التعداد 423 ص ؛
أبعاد الوعاء 24 سم .
490 0# - بيان السلسلة
عنوان السلسلة المركز القومى للترجمة ، العدد 1932 .
650 04 - المدخل الاضافى بالموضوع-مصطلح موضوعى
مصطلح موضوعي دولة المماليك .
650 04 - المدخل الاضافى بالموضوع-مصطلح موضوعى
مصطلح موضوعي المماليك الجراكسة .
650 04 - المدخل الاضافى بالموضوع-مصطلح موضوعى
مصطلح موضوعي الدولة السلجوقية .
650 04 - المدخل الاضافى بالموضوع-مصطلح موضوعى
مصطلح موضوعي الحروب الصليبية .
700 0# - المدخل الاضافى - اسم شخصى
الإسم الشخصى جون مان
الدور مقدم .
700 0# - المدخل الاضافى - اسم شخصى
الإسم الشخصى حاتم الطحاوى
الدور مراجع .
700 0# - المدخل الاضافى - اسم شخصى
الإسم الشخصى يعقوب عبدالرحمن
الدور مترجم .
942 ## - عناصر المدخل الإضافي( كوها)
مصدر التصنيف او مخطط الترفيف Dewey Decimal Classification
Koha [default] item type كتاب
260 ## - PUBLICATION, DISTRIBUTION, ETC. (IMPRINT)
-- القاهرة :
-- المركز القومى للترجمة ،
Holdings
حالة التراجع حالة الفقد حالة تلف ليس للاعارة المكان المؤقت الموقع الحالى تاريخ الاكتساب اجمالي اﻻعارات رقم الطلب الباركود تاريخ اخر مشاهدة تاريخ تفعيل السعر نوع وعاء كوها
        مكتبة القاهرة الكبرى مكتبة القاهرة الكبرى 02/23/2016   953.08\ و ف 161389 02/23/2016 02/23/2016 كتاب

Powered By

EGPV